Cuatro textos cabalísticos

Salvato in:
Dettagli Bibliografici
Autore principale: De Girona, Azriel (Autore)
Natura: Libro
Lingua:spagnolo
Pubblicazione: Barcelona Riopiedras 1994
Serie:Colección Cábala
Soggetti:
Tags: Aggiungi Tag
Nessun Tag, puoi essere il primo ad aggiungerne!!

MARC

LEADER 00000nam a2200000 a 4500
001 UCP5804
003 CL-VaPUC
008 991001e19940000SP |||||||||||||||||spa|d
082 0 4 |a 296.16  |b DEG  |2 21 
100 0 |a De Girona, Azriel  |e author  |9 434402 
245 1 0 |a Cuatro textos cabalísticos 
300 |a 161 p 
942 |c BK 
945 |d 19991001 00:00:00  |a rbrito 
260 |a Barcelona  |b Riopiedras  |c 1994 
650 0 |a Misticismo  |9 265505 
650 7 |a ESOTERISMO  |2 CL-VaPUC  |9 369448 
650 0 |a Judaísmo  |9 269348 
650 7 |a RELIGION JUDIA  |2 CL-VaPUC  |9 434400 
583 |a last modification  |c 19991001 00:00:00  |k Rodrigo Vera 
490 0 |a Colección Cábala 
999 |c 283468  |d 283466 
952 |0 0  |1 0  |4 0  |6 296_160000000000000_DEG_1994  |7 0  |8 A  |9 326651  |a BIBTEO  |b BIBTEO  |d 2019-11-20  |i 3559963  |o 296.16 DEG 1994  |p 3559963  |r 2025-01-17  |w 2019-11-20  |y BK  |k ICR